Stochastické modely nemocenského a zdravotného zabezpečenia dizertačná práca

Salvato in:
Dettagli Bibliografici
Autore principale: Škrovánková, Petra, 1981-
Ente Autore: Fakulta hospodárskej informatiky EU. Katedra operačného výskumu a ekonometrie
Altri autori: Hrnčiarová, Ľubica
Natura: Libro
Lingua:slovacco
Pubblicazione: Bratislava 2008
Soggetti:
Tags: Aggiungi Tag
Nessun Tag, puoi essere il primo ad aggiungerne!!

MARC

LEADER 00000nam$a2200000$$$4500
001 0082666
005 20240109071125.0
041 0 |a slo 
044 |a SK 
245 1 0 |a Stochastické modely nemocenského a zdravotného zabezpečenia  |b dizertačná práca  |c Petra Škrovánková ; škol. Ľubica Hrnčiarová 
264 1 |a Bratislava  |c 2008 
300 |a 133 s. 
610 2 0 |a poistenie nemocenské 
610 2 0 |a poistenie zdravotné 
610 2 0 |a zabezpečenie nemocenské 
610 2 0 |a modely stochastické 
100 1 |a Škrovánková, Petra, 1981- 
700 1 |a Hrnčiarová, Ľubica 
710 2 |a Fakulta hospodárskej informatiky EU. Katedra operačného výskumu a ekonometrie